000 00535nam a2200217Ia 4500
003 OSt
005 20220918231514.0
006 a|||||r|||| 00| 0
007 ta
008 220917b |||||||| |||| 00| 0 eng d
024 _a303,755
037 _cTextual
040 _aARTS
_cARTS
_beng
041 _2eng
_aeng
082 _aO158wN, N7
245 0 _aSahitya akadimi bala vijayi asamiya
260 _c1997
650 _aASSAMESE LITERATURE
_911738
942 _hO158wN, N7
_cTEXL
_2CC
999 _c291474
_d291474